00476nam a2200145 a 450000500170000000800410001702000180005805000230007610000190009924500940011826000390021230000170025165000410026865000210030920140412111359.0060126s19uu xx 00 eng d a0-590-47056-6 aTR(PS EbTe25 1994 aMarzollo, Jean aTen cats have hats :cby jean Marzollo ; illustrated by David McPhail.ba counting book / aNew York :bScholastic Inc,c1994. a22 p. ; ill. aCounting (1-10)xJuvenile literature aStories in rhyme